Statystyki dla Kluby PGE Ekstraligi speedway

Kliknij tutaj aby rozwiązać quiz!

Ogólne statystyki

  • Ten quiz został rozwiązany 82 razy
  • Średni wynik to 8 z 8

Statystyki odpowiedzi

HintOdpowiedź% Poprawnych
FOGOUnia Leszno
100%
BETARDSparta Wrocław
97%
CELLFASTWilki Krosno
97%
PLATINIUMMotor Lublin
96%
TAURONWłókniarz Częstochowa
96%
EBUT.PLStal Gorzów
95%
FOR NATURE SOLUTIONSKS Apator Toruń
93%
ZOOLESZCZGKM Grudziądz
92%

Rozkład punktacji

Percentyl według liczby udzielonych odpowiedzi

Procent ludzi z każdym wynikiem

Twoja historia wyników

Nie rozwiązałeś tego quizu